Statystyki dla Półwyspy na Mapie Świata

Kliknij tutaj aby rozwiązać quiz!

Ogólne statystyki

  • Ten quiz został rozwiązany 1,519 razy
  • Średni wynik to 10 z 20

Statystyki odpowiedzi

Połwysep % poprawnych
Iberyjski
89%
Arabski
86%
Indyjski
85%
Bałkański
84%
Koreański
78%
Apeniński
70%
Floryda
63%
Krym
55%
Somalijski
50%
Kamczatka
49%
Indochiński
45%
Kalifornijski
43%
Labrador
36%
Jukatan
35%
Jutlandzki
35%
Bretoński
34%
Synaj
30%
Azja Mniejsza
26%
Fennoskandzki
13%
Jork
10%

Rozkład punktacji

Percentyl według liczby udzielonych odpowiedzi

Procent ludzi z każdym wynikiem

Twoja historia wyników

Nie rozwiązałeś tego quizu